000 00687nam a22002172 4500
001 0000012955
005 20151217154416.0
008 090513s xx 000 0 eng d
020 _a0072323345 :
040 _aKABU
_cKABU
245 1 0 _aSources. Notable selections in educational psychology /
_cedited by Rhett Diessner, Stacy Simmons.
250 _a1st ed.
260 _aGuilford, CON. :
_bDushkin,
_c2000.
300 _axii, 416 p.
650 0 _aEducational psychology.
_@0000153557
700 1 _aDiessner, Rhett.
_@0000169985
700 1 _aSimmons, Stacy.
_@0000169986
852 1 _9p4005 KES
908 _a090513
950 _@1
999 _c11094
_d11094